| Поле | Инд. | ПП | Название | Значение |
|---|---|---|---|---|
| Тип записи | a | |||
| Библиографический уровень | a | |||
| 001 | Контрольный номер | RU/REP/BASE/00004025 | ||
| 005 | Дата корректировки | 20181104132000.8 | ||
| 200 | 1_ | a | Заглавие | Уголовно-правовая охрана информационной безопасности личности |
| f | Первые сведения об ответственности | Гуров А.И.,Остроушко А.В. | ||
| b | Общее обозначение материала | Текст | ||
| 210 | 1_ | d | Дата издания | 2015 |
| 461 | _0 | 1 | 001RU/REP/BASE/00010629 | |
| 1 | 2001 | |||
| a | Закон и право | |||
| 463 | _1 | 1 | 20002 | |
| a | №4. | |||
| v | С. 16-18 | |||
| 1 | 2101 | |||
| d | 2015 | |||
| 610 | 0_ | a | Ключевые слова | СУДЕБНАЯ ПРАКТИКА, ОХРАНА ОКРУЖАЮЩЕЙ СРЕДЫ, ЗАЩИТА ИНФОРМАЦИИ, ПОСТАНОВЛЕНИЯ, ПРЕСТУПЛЕНИЯ ЭКОНОМИЧЕСКИЕ, БЕЗОПАСНОСТЬ ИНФОРМАЦИОННАЯ, УГОЛОВНОЕ ЗАКОНОДАТЕЛЬСТВО, ИНФОРМАЦИОННОЕ ПРАВО РФ |
| 700 | _1 | a | Фамилия | Гуров |
| b | Имя | А.И. | ||
| 701 | _1 | a | Фамилия | Остроушко |
| b | Имя | А.В. | ||
| 901 | t | Тип документа | b | |
| w | Контрольный № источника | 2f186a2765974e26acb3dfd904574ae4 |